<?xml version="1.0" encoding="UTF-8"?>
<record
    xmlns:xsi="http://www.w3.org/2001/XMLSchema-instance"
    xsi:schemaLocation="http://www.loc.gov/MARC21/slim http://www.loc.gov/standards/marcxml/schema/MARC21slim.xsd"
    xmlns="http://www.loc.gov/MARC21/slim">

  <leader>02347cam a2200325 i 4500</leader>
  <controlfield tag="001">991107356186106196</controlfield>
  <controlfield tag="005">20251120123909.0</controlfield>
  <controlfield tag="008">240220s2024    nyu    e      000 j eng d</controlfield>
  <datafield tag="020" ind1=" " ind2=" ">
    <subfield code="a">9780063346543</subfield>
  </datafield>
  <datafield tag="035" ind1=" " ind2=" ">
    <subfield code="a">(OCoLC)1422572926</subfield>
    <subfield code="z">(OCoLC)1382385284</subfield>
    <subfield code="z">(OCoLC)1414654936</subfield>
    <subfield code="z">(OCoLC)1416719046</subfield>
    <subfield code="z">(OCoLC)1422583627</subfield>
    <subfield code="z">(OCoLC)1423519269</subfield>
    <subfield code="z">(OCoLC)1424477026</subfield>
    <subfield code="z">(OCoLC)1424628913</subfield>
  </datafield>
  <datafield tag="035" ind1=" " ind2=" ">
    <subfield code="a">(OCoLC)on1422572926</subfield>
  </datafield>
  <datafield tag="040" ind1=" " ind2=" ">
    <subfield code="c">tbs</subfield>
  </datafield>
  <datafield tag="041" ind1="1" ind2=" ">
    <subfield code="a">eng</subfield>
    <subfield code="h">por</subfield>
  </datafield>
  <datafield tag="050" ind1=" " ind2="4">
    <subfield code="a">PQ9698.13.O3546</subfield>
    <subfield code="b">M3513 2024</subfield>
  </datafield>
  <datafield tag="100" ind1=" " ind2=" ">
    <subfield code="a">Coelho, Paulo</subfield>
    <subfield code="e">author</subfield>
    <subfield code="9">12718</subfield>
  </datafield>
  <datafield tag="240" ind1="1" ind2="0">
    <subfield code="a">Maktub.</subfield>
    <subfield code="l">English</subfield>
  </datafield>
  <datafield tag="245" ind1="1" ind2="0">
    <subfield code="a">Maktub </subfield>
    <subfield code="b">: an inspirational companion to The Alchemist </subfield>
    <subfield code="c">/ Paulo Coelho ; translated from the Portuguese by Margaret Jull Costa.</subfield>
  </datafield>
  <datafield tag="250" ind1=" " ind2=" ">
    <subfield code="a">First HarperOne hardcover.</subfield>
  </datafield>
  <datafield tag="264" ind1=" " ind2="1">
    <subfield code="a">New York, NY :</subfield>
    <subfield code="b">HarperOne, an imprint of HarperCollins Publishers,</subfield>
    <subfield code="c">2024.</subfield>
  </datafield>
  <datafield tag="300" ind1=" " ind2=" ">
    <subfield code="a">xi, 205 pages ;</subfield>
    <subfield code="c">21 cm</subfield>
  </datafield>
  <datafield tag="520" ind1=" " ind2=" ">
    <subfield code="a">Uncover timeless wisdom and unlock your spiritual journey with an insightful and inspiring collection of short stories and fables by Paulo Coelho&#x2014;international bestselling and prize-winning author of The Alchemist

A thought-provoking companion to the landmark literary classic The Alchemist comes Maktub (meaning "it is written"), a stunning collection that invites readers to reflect, rediscover, and find inspiration in life's quiet moments. Perfect for seekers of personal growth, divine faith, healing, and transformation, this national bestseller&#x2014;from profoundly beloved and bestselling author Paulo Coelho&#x2014;comes a variety of parables and stories pulled from Coelho's celebrated daily columns. As he explains, &#x201C;Maktub is not a book of advice&#x2014;but an exchange of experiences.&#x201D;

Each story&#x2014;brief yet mighty&#x2014;delivers lessons rooted in universal truths, weaving together spirituality, humanity, and self-reflection. Drawn from Coelho's experiences with spiritual leaders, friends, and cultural teachings, these stories are crafted to resonate with readers from all walks of life.</subfield>
  </datafield>
  <datafield tag="546" ind1=" " ind2=" ">
    <subfield code="a">In English ; translated from the Portuguese.</subfield>
  </datafield>
  <datafield tag="650" ind1=" " ind2="0">
    <subfield code="a">Spiritual life</subfield>
    <subfield code="v">Fiction</subfield>
    <subfield code="9">26172</subfield>
  </datafield>
  <datafield tag="650" ind1=" " ind2="0">
    <subfield code="a">Parables</subfield>
    <subfield code="v">Fiction</subfield>
    <subfield code="9">26173</subfield>
  </datafield>
  <datafield tag="650" ind1=" " ind2="0">
    <subfield code="a">Conduct of life</subfield>
    <subfield code="x">Fiction</subfield>
    <subfield code="9">11285</subfield>
  </datafield>
  <datafield tag="650" ind1=" " ind2="0">
    <subfield code="a">God</subfield>
    <subfield code="v">Fiction</subfield>
    <subfield code="9">26558</subfield>
  </datafield>
  <datafield tag="655" ind1=" " ind2="0">
    <subfield code="a">Short stories</subfield>
    <subfield code="9">22375</subfield>
  </datafield>
  <datafield tag="700" ind1=" " ind2=" ">
    <subfield code="a">Costa, Margaret Jull </subfield>
    <subfield code="e">translator</subfield>
    <subfield code="9">23308</subfield>
  </datafield>
  <datafield tag="942" ind1=" " ind2=" ">
    <subfield code="2">lcc</subfield>
  </datafield>
  <datafield tag="952" ind1=" " ind2=" ">
    <subfield code="0">0</subfield>
    <subfield code="1">0</subfield>
    <subfield code="2">lcc</subfield>
    <subfield code="4">0</subfield>
    <subfield code="7">0</subfield>
    <subfield code="a">TBS</subfield>
    <subfield code="b">TBS</subfield>
    <subfield code="d">2025-08-26</subfield>
    <subfield code="l">0</subfield>
    <subfield code="o">P-EN COE</subfield>
    <subfield code="p">B07694</subfield>
    <subfield code="r">2025-08-26</subfield>
    <subfield code="t">1</subfield>
    <subfield code="w">2025-08-26</subfield>
    <subfield code="y">1</subfield>
  </datafield>
  <datafield tag="952" ind1=" " ind2=" ">
    <subfield code="0">0</subfield>
    <subfield code="1">0</subfield>
    <subfield code="2">lcc</subfield>
    <subfield code="4">0</subfield>
    <subfield code="7">0</subfield>
    <subfield code="a">TBS</subfield>
    <subfield code="b">TBS</subfield>
    <subfield code="d">2025-11-20</subfield>
    <subfield code="l">0</subfield>
    <subfield code="o">P-EN COE</subfield>
    <subfield code="p">B05615</subfield>
    <subfield code="r">2025-11-20</subfield>
    <subfield code="t">2</subfield>
    <subfield code="w">2025-11-20</subfield>
    <subfield code="y">1</subfield>
  </datafield>
  <datafield tag="999" ind1=" " ind2=" ">
    <subfield code="c">4863</subfield>
    <subfield code="d">4863</subfield>
  </datafield>
</record>
